000 00437nam a2200145 4500
001 136549
003 ES-MaACL
007 t|
008 070214s1920 fr r ||||1| fre d
100 1 _aRuyssen, Theodore.
_9101088
245 1 0 _aDe la guerre au Droit
_b: etude de philosophie sociale /
_cTheodore Ruyssen.
260 _aParis :
_b[s.n.],
_c1920 (
_fImp. J. Dardaillon)
300 _aXII, 304 p. ;
_c23 cm.
852 _aES-MaACL
_jB-7085
999 _c136549
_d136549